| 000 | 00529cam a2200169 a 4500 | ||
|---|---|---|---|
| 001 | 000004019 | ||
| 005 | 20200929150652.0 | ||
| 008 | 711124s1947 nyu 001 f eng | ||
| 040 |
_aDO-SdBNP _bspa _cBNPHU |
||
| 082 |
_a813.54 _bS193w |
||
| 100 | 1 |
_aSamuel, Maurice, _d1895-1972 _912025 |
|
| 245 | 1 | 0 |
_aWeb of Lucifer : _ba novel of the Borgia Fury / _cMaurice Samuel. |
| 260 |
_aNew York : _bAlfred a Knopf, _c1947. |
||
| 300 |
_a487 p. ; _c22 cm. |
||
| 650 | 4 |
_aNovela estadounidense _9262 |
|
| 650 | 4 |
_aLiteratura estadounidense _9263 |
|
| 999 |
_c3838 _d3838 |
||